| 000 | 00597nam a2200181 i 4500 | ||
|---|---|---|---|
| 001 | 23767 | ||
| 003 | ES-MaACL | ||
| 005 | 20230906152930.0 | ||
| 007 | t| | ||
| 008 | 021212s1961 sp ||||1| spa d | ||
| 100 | 1 |
_aAnderson, Kenneth. _921454 |
|
| 245 | 1 | 3 |
_aLa pantera negra de Sivanipalli y otras aventuras en la selva hindú / _cKenneth Anderson ; [traducción de Antonio Ribera Jordá]. |
| 250 | _a[1ª ed.]. | ||
| 260 |
_aBarcelona : _bJuventud, _c[1961] |
||
| 300 |
_a238 p., 9 lám. ; _c23 cm. |
||
| 700 | 1 |
_aMiró Costart, María Teresa. _981615 |
|
| 852 |
_aES-MaACL _jC-20429 _bR.48789 |
||
| 999 |
_c23767 _d23767 |
||